Hajduk Split players (2010-2020) - Statistics

General Stats
  • This quiz has been taken 15 times
  • The average score is 50 of 171
Answer Stats
Rank Player Positions Nationality Matches Goals (assists) Period % Correct
8 Lovre Kalinic GK 102 0 (0) 2010-2017
83%
16 Jairo ST 68 22 (15) 2018-2020
75%
2 Josip Juranovic RB 136 3 (13) 2014-2020
75%
45 Márkó Futács ST 37 20 (3) 2016-2018
75%
1 Mijo Caktas AM 168 72 (24) 2011-2016, 2017-2020
75%
22 Ante Vukusic ST 58 29 (7) 2010-2013
67%
56 Anthony Kalik AM 29 0 (1) 2015-2016, 2018-2020
67%
14 Avdija Vrsajevic RB 74 4 (10) 2012-2015
67%
119 Bozidar Radosevic GK 9 0 (0) 2010-2011
67%
27 Dante Stipica GK 50 0 (0) 2013-2018
67%
28 Franck Ohandza ST 50 18 (9) 2015-2018
67%
21 Josip Radosevic DM 59 3 (3) 2011-2013, 2017-2018
67%
52 Mario Pasalić CM 32 11 (5) 2012-2014
67%
11 Nikola Vlašić AM 86 11 (17) 2014-2018
67%
7 Tino-Sven Susic CM 104 19 (20) 2012-2017
67%
41 Ante Erceg ST 44 20 (15) 2016-2018
58%
12 Anton Maglica ST 85 24 (13) 2012-2016
58%
13 Ardian Ismajli CB 81 2 (2) 2015-2020
58%
101 Duje Cop ST 14 5 (3) 2010-2011
58%
5 Hamza Barry CM 111 7 (8) 2016-2020
58%
30 Ivan Vukovic ST 49 11 (11) 2011-2013
58%
20 Jean Evrard Kouassi LW 59 13 (10) 2012-2015
58%
18 Jefferson DM 60 2 (2) 2015-2017
58%
54 Josip Basic RB 30 1 (1) 2012-2016, 2019-2020
58%
78 Josip Vukovic DM 20 0 (0) 2014-2015
58%
83 Karlo Letica GK 19 1 (0) 2017-2018
58%
3 Mario Maloca CB 122 4 (2) 2010-2015
58%
19 Toma Bašić CM 60 9 (12) 2015-2019
58%
9 Zoran Nizic CB 102 8 (3) 2012-2019
58%
49 Andrija Balic CM 32 6 (4) 2013-2016
50%
24 Antonio Milic CB 57 7 (1) 2011-2015
50%
23 Bassel Jradi AM 58 5 (10) 2018-2020
50%
26 Borja López CB 51 2 (3) 2017-2019
50%
145 Emir Sahiti RW 4 0 (0) 2018-2019
50%
6 Fran Tudor RM 109 15 (14) 2014-2019
50%
10 Goran Jozinovic LB 99 1 (13) 2010-2015
50%
4 Goran Milovic CB 115 4 (1) 2011-2016
50%
60 Hrvoje Milic LB 28 1 (5) 2015-2016
50%
44 Hysen Memolla CB 37 0 (4) 2016-2018
50%
17 Said Ahmed Said ST 67 21 (15) 2016-2019
50%
88 Senijad Ibricic AM 17 6 (9) 2010-2011
50%
162 Zvonimir Milic CB 2 0 (0) 2014-2015
50%
58 Ahmad Sharbini ST 28 5 (1) 2010-2012
42%
43 Anas Sharbini LW 42 12 (20) 2010-2012
42%
47 Danijel Subasic GK 36 0 (0) 2010-2012
42%
32 Elvir Maloku LW 48 4 (0) 2013-2016
42%
15 Franko Andrijasevic AM 70 12 (9) 2010-2014
42%
38 Goran Blazevic GK 46 0 (0) 2011-2013, 2018-2019
42%
40 Rúben Lima LB 45 0 (4) 2011-2013
42%
63 Sandro Gotal ST 25 9 (3) 2014-2015
42%
53 Tomislav Kis ST 31 5 (1) 2011-2014, 2015-2016
42%
36 Ádám Gyurcsó LW 46 10 (17) 2017-2020
33%
46 André Fomitschow LB 36 1 (2) 2017-2019
33%
129 Antonio Jakolis RW 7 0 (0) 2012-2013
33%
76 Danijel Stojanovic LB 20 0 (2) 2012-2013
33%
64 Dino Mikanovic RB 24 1 (2) 2012-2015
33%
67 Domagoj Bradarić LB 22 0 (2) 2018-2019
33%
35 Filip Bradaric DM 47 2 (7) 2013-2015, 2019-2020
33%
111 Haris Bukva LM 11 0 (2) 2013-2014
33%
102 Hugo Almeida ST 14 3 (2) 2017-2018
33%
109 Ivan Strinic LB 12 0 (3) 2010-2011
33%
134 Ivo Tomas AM 7 0 (0) 2011-2013
33%
25 Josip Posavec GK 55 0 (0) 2018-2020
33%
104 Kristian Dimitrov CB 14 1 (0) 2019-2020
33%
91 Marin Jakolis LW 16 1 (1) 2019-2020
33%
112 Marin Ljubic GK 11 0 (0) 2018-2020
33%
42 Marin Tomasov RW 43 12 (10) 2010-2012
33%
62 Mario Ticinovic RB 25 0 (0) 2010-2012, 2017-2018
33%
92 Marko Cosic CB 16 0 (0) 2016-2017
33%
100 Masahiko Inoha CB 15 1 (0) 2011-2012
33%
80 Mirko Ivanovski ST 20 5 (3) 2018-2019
33%
122 Nacho Maganto AM 9 0 (1) 2016-2017
33%
123 Nihad Mujakic CB 9 0 (0) 2019-2020
33%
93 Oleksandr Svatok CB 16 0 (0) 2018-2020
33%
34 Savvas Gentsoglou DM 48 2 (8) 2016-2018
33%
48 Srdjan Andric DM 36 7 (1) 2010-2012
33%
94 Stefan Simic CB 16 1 (0) 2019-2020
33%
31 Zvonimir Kozulj CM 49 4 (8) 2016-2018
33%
81 Ante Roguljic AM 19 1 (0) 2015-2016
25%
144 Artem Radchenko AM 4 0 (0) 2015-2016
25%
72 Dejan Mezga AM 21 3 (2) 2014-2015
25%
59 Dinko Trebotic AM 28 2 (2) 2010-2013
25%
73 Francesco Tahiraj RW 21 0 (5) 2018-2020
25%
141 Franko Kovacevic ST 5 0 (0) 2017-2019
25%
126 Georgi Terziev CB 8 0 (0) 2016-2017
25%
68 Hrvoje Vejic CB 22 1 (0) 2010-2012
25%
132 Ivan-Anton Vasilj LB 7 0 (0) 2013-2015
25%
151 Josip Elez CB 3 0 (0) 2011-2013
25%
65 Jurica Buljat CB 24 2 (1) 2010-2011
25%
103 Kreso Ljubicic DM 14 0 (0) 2010-2012
25%
69 Lorenco Simic CB 22 1 (1) 2015-2017
25%
158 Manuel Arteaga ST 2 0 (0) 2015-2016
25%
159 Marijan Buljat RB 2 0 (0) 2010-2011
25%
79 Marin Ljubicic DM 20 2 (1) 2010-2011
25%
51 Mario Brkljaca DM 32 3 (4) 2010-2012
25%
29 Marko Bencun CF 50 9 (5) 2012-2016
25%
106 Marko Pejic LB 13 0 (1) 2014-2017
25%
85 Matej Jonjic CB 18 1 (0) 2010-2011, 2012-2014
25%
33 Mirko Oremus CM 48 2 (2) 2010-2013
25%
55 Samuel Eduok RW 30 11 (4) 2019-2020
25%
39 Stanko Juric DM 46 4 (1) 2018-2020
25%
116 Steliano Filip LB 10 0 (0) 2017-2019
25%
86 Steven Lustica CM 18 1 (2) 2011-2014
25%
95 Stipe Vucur CB 16 1 (0) 2018-2020
25%
155 Tomislav Duka GK 3 0 (0) 2018-2020
25%
61 Ante Palaversa DM 27 2 (1) 2018-2019
17%
37 Darko Nejasmic DM 46 3 (1) 2018-2020
17%
66 David Colina LB 22 0 (1) 2019-2020
17%
130 Fabjan Tomic GK 7 0 (0) 2013-2014
17%
89 Filip Ozobic AM 16 0 (2) 2011-2013
17%
105 Giorgi Iluridze CF 13 1 (2) 2013-2014
17%
136 Gustavo Carbonieri CB 6 0 (0) 2017-2018
17%
133 Ivo Grbic GK 7 0 (0) 2014-2016
17%
77 James Dens RB 20 0 (0) 2011-2012
17%
142 Josip Barisic CB 5 0 (0) 2010-2011
17%
138 Jure Obsivac CB 6 0 (0) 2011-2012
17%
99 Leon Krekovic LW 15 1 (3) 2019-2020
17%
152 Luka Lucic LB 3 0 (1) 2012-2014
17%
50 Maksym Bilyi CB 32 0 (2) 2015-2017
17%
153 Marko Barisic RB 3 0 (1) 2011-2012
17%
154 Marko Ranilovic GK 3 0 (0) 2014-2015
17%
57 Mislav Andjelkovic DM 29 0 (2) 2013-2015
17%
148 Nicolás Vélez ST 4 0 (1) 2015-2016
17%
70 Tonci Kukoc LB 22 2 (3) 2010-2013
17%
135 Zoran Plazonic DM 7 0 (0) 2012-2013
17%
71 Artem Milevskyi ST 21 3 (6) 2014-2015
8%
125 Bozo Mikulic CB 8 0 (0) 2018-2019
8%
163 Dario Spikic LW 1 0 (0) 2018-2019
8%
113 Drago Gabric LW 10 1 (0) 2011-2012
8%
96 Edin Sehic RB 15 0 (0) 2017-2019
8%
97 Ervin Bulku CM 15 0 (1) 2010-2011
8%
98 Ivan Delic ST 15 0 (1) 2017-2020
8%
74 Ivan Dolcek LW 21 1 (2) 2019-2020
8%
157 Ivan Jakov Dzoni ST 2 0 (0) 2012-2013
8%
82 Ivan Lendric ST 19 4 (1) 2011-2012
8%
167 Ivan Prtajin ST 1 0 (0) 2016-2017
8%
121 Josip Kvesic LB 9 0 (1) 2016-2017
8%
87 Julián Velázquez CB 17 0 (0) 2015-2016
8%
147 Ljubo Milicevic CB 4 0 (0) 2011-2012
8%
127 Mario Cuic CM 8 2 (0) 2019-2020
8%
170 Mario Jelavic ST 1 0 (0) 2011-2012
8%
114 Mario Vuskovic CB 10 1 (0) 2019-2020
8%
110 Mato Neretljak CB 12 1 (0) 2011-2012
8%
115 Michele Sego LW 10 1 (1) 2017-2019
8%
149 Nikola Sarić ST 4 0 (0) 2011-2012
8%
139 Petar Bosančić CB 6 0 (0) 2014-2015, 2016-2018
8%
124 Robert Jandrek RW 9 0 (0) 2016-2018
8%
143 Ruslan Qurbanov ST 5 0 (0) 2014-2015
8%
128 Stipe Radic CB 8 0 (0) 2019-2020
8%
117 Temurkhuzha Abdukholikov ST 10 1 (0) 2013-2015
8%
75 Tonci Mujan LW 21 0 (6) 2012-2014, 2015-2017
8%
84 Tonio Teklic AM 19 1 (1) 2017-2020
8%
118 Ante Rezic DM 9 0 (0) 2010-2011
0%
150 Arlind Basha CF 3 0 (0) 2013-2014
0%
140 Dino Besirovic CM 5 0 (0) 2018-2020
0%
164 Duje Medak DM 1 0 (0) 2011-2012
0%
165 Frane Vladislavic RB 1 0 (0) 2011-2012
0%
90 Frane Vojkovic DM 16 0 (0) 2015-2017
0%
166 Hrvoje Relota RB 1 0 (0) 2015-2016
0%
156 Ismar Hairlahovic CM 2 0 (0) 2013-2015
0%
131 Ivan Brnic LW 7 0 (1) 2019-2020
0%
107 Ivan Mastelic ST 12 0 (3) 2015-2016
0%
108 Ivan Pesic LW 12 0 (1) 2017-2018
0%
137 Ivan Prskalo ST 6 0 (0) 2014-2016
0%
146 Ivan Tomicic AM 4 0 (0) 2013-2014
0%
120 Jakov Blagaic AM 9 0 (0) 2019-2020
0%
168 Josip Maganjic LW 1 0 (0) 2015-2016
0%
169 Josko Hajder ST 1 0 (0) 2011-2012
0%
160 Mario Sacer ST 2 0 (0) 2010-2011
0%
161 Miro Kovacic AM 2 0 (0) 2012-2013
0%
171 Tomislav Glumac CB 1 0 (0) 2011-2012
0%
No matching quizzes found
Score Distribution
Percent of People with Each Score
Percentile by Number Answered
Your Score History
You have not taken this quiz